| 000 | 00484nam a2200169Ia 4500 | ||
|---|---|---|---|
| 003 | GCL | ||
| 008 | 140319s9999 xx 000 0 ara d | ||
| 040 |
_aGCL / _cGCL |
||
| 082 | 0 | 4 |
_aفيديو _b84 |
| 245 | 1 | 0 | _aالتغذية والتمارين لكبار السن |
| 260 |
_a[S.N] : _bلا يوجد |
||
| 490 |
_aموسوعة طبيبك الخاص _v0 |
||
| 650 | 0 | 4 | _aالطب |
| 650 | 0 | 4 | _aشرائط فيديو |
| 650 | 0 | 4 | _aالتغذيةو التمارين |
| 942 |
_2ddc _cBK |
||
| 999 |
_c33795 _d33795 |
||